000 00489nam a2200157Ia 4500
005 20250214035838.0
008 240331s9999 xx 000 0 und d
082 _a954.93
_bTHE
100 _aHettiarachchy, T
245 4 _aThe sinhala peasant in a changing socety :
_becological change among the sinhala peasants from 1796A.D. to 1909 A.D.
260 _aColombo
_bLake House Investments Ltd
_c1982
300 _aXi, 147 p .,
650 _aCultivation
650 _aHistorical
942 _cL
999 _c4444
_d4444